| 000 | 00475nam a2200181Ia 4500 | ||
|---|---|---|---|
| 003 | GCL | ||
| 008 | 140319s9999 xx 000 0 eng d | ||
| 040 |
_aGCL / _cGCL |
||
| 082 | 0 | 4 |
_aCC _b932 _bS O |
| 100 | 1 | _aSALEH, MOHAMED | |
| 245 | 1 | 0 |
_aCATALOGUE OFFICIEL MUSEE EGYPTION DU CAIRO / _cSALEH, MOHAMED |
| 260 |
_a[S.N] : _bREPUBLIQUE AROBE D'EGYPTE ، _c1987 |
||
| 300 | _a268 P | ||
| 650 | 0 | 4 | _aMUSEUMS |
| 650 | 0 | 4 | _aCAIRO |
| 650 | 0 | 4 | _aEGYPT, MUSEUMS |
| 942 |
_2ddc _cBK |
||
| 999 |
_c19557 _d19557 |
||